Mount and Blade Warband - jednostki - Statystyki

Ogólne statystyki
  • Ten quiz został rozwiązany 42 razy
    22 od ostatniego zresetowania
  • Średni wynik to 53 z 82
Statystyki odpowiedzi
Typ jednostki Królestwo Vaegirów % Poprawnych
Strzelcy Kusznik
100%
Strzelcy Kusznik
100%
Strzelcy Łucznik
100%
Strzelcy Łucznik
100%
Strzelcy Łucznik
100%
Piechota Bandyta
95%
Kawaleria Rycerz
95%
Kawaleria Rycerz
95%
Piechota Huskarl
90%
Kawaleria Jeździec
90%
Strzelcy Jeździec
90%
Kawaleria Jeździec
90%
Piechota Rekrut
90%
Piechota Rekrut
90%
Piechota Rekrut
90%
Piechota Rekrut
90%
Strzelcy Strzelec
90%
Strzelcy Strzelec
90%
Piechota Piechur
85%
Piechota Piechur
85%
Piechota Piechur
85%
Piechota Piechur
85%
Piechota Najemne ostrze
80%
Piechota (Rhodocki) Górski bandyta
75%
Kawaleria Łucznik Konny
75%
Kawaleria Mameluk
75%
Kawaleria Najemny Kawalerzysta
75%
Strzelcy Najemny Kusznik
75%
Piechota Strażnik
75%
Piechota Strażnik
75%
Strzelcy Harcownik
70%
Strzelcy Harcownik
70%
Kawaleria Harcownik
70%
Strzelcy Harcownik
70%
Kawaleria Lansjer
70%
Strzelcy (Swadiański) Leśny bandyta
70%
Piechota Sierżant
70%
Piechota Sierżant
70%
Kawaleria Siostra miecza
70%
Piechota Weteran
70%
Piechota Weteran
70%
Piechota Bojówkarz
65%
Piechota (Nordycki) Korsarz
65%
Strzelcy Kusznik Weteran
65%
Strzelcy Kusznik Weteran
65%
Strzelcy Mistrz Łuku
65%
Piechota Włócznik
65%
Każdy Dezerter
60%
Piechota Grabieżca
60%
Kawaleria Łowca głów
60%
Strzelcy Myśliwy
60%
Piechota Chłopka
55%
Strzelcy Łucznik Weteran
55%
Piechota Najemny fechmistrz
55%
Kawaleria Strażnik Karawany
55%
Kawaleria Zbrojny
55%
Kawaleria Elitarny Łucznik Konny
50%
Piechota Piechociarz
50%
Piechota Piechociarz
50%
Piechota Piechociarz
50%
Kawaleria (Khergicki) Stepowy bandyta
50%
Strzelcy Szkolony Kusznik
50%
Piechota Szkolony Piechur
50%
Piechota Szkolony Włócznik
50%
Piechota Wojownik
50%
Kawaleria Najemny Jeździec
45%
Piechota Wartownik
45%
Piechota Włócznik Weteran
45%
Piechota Współplemieniec
45%
Piechota Współplemieniec
45%
Strzelcy (Vaegirski) Bandyta z tajgi
40%
Piechota Farmer
40%
Piechota Markietanka
40%
Piechota Piechur Weteran
40%
Kawaleria Łowca niewolników
35%
Piechota Obrońca obozu
35%
Kawaleria (Saaranidzki) Pustynny rozbójnik
35%
Kawaleria Kat niewolników
25%
Kawaleria Właściciel karawany
20%
Kawaleria Przywódca łowców niewolników
15%
Piechota Łowczyni
10%
Kawaleria Nadzorca niewolników
10%
Nie znaleziono quizów pasujących do podanych kryteriów
Rozkład punktacji
Procent ludzi z każdym wynikiem
Percentyl według liczby udzielonych odpowiedzi
Twoja historia wyników
Nie rozwiązałeś tego quizu od ostatniego zresetowania